[Event "Titled Tuesday intern op 29th Nov Late"]
[Site "Chess.com INT"]
[Date "2022.11.29"]
[Round "2"]
[White "Aguilar, Juan"]
[Black "Ward, Ieuan C"]
[Result "1-0"]
[WhiteElo "2254"]
[BlackElo "2028"]
[PlyCount "81"]
[EventDate "2022.11.29"]
[EventType "swiss (blitz)"]
[EventRounds "11"]
[EventCountry "USA"]
[SourceTitle "EXT 2024"]
[Source "ChessBase"]
[SourceDate "2023.10.10"]
[SourceVersion "1"]
[SourceVersionDate "2023.10.10"]
[SourceQuality "1"]

1. d4 Nf6 2. c4 e6 3. Nf3 b6 4. g3 Bb7 5. Bg2 Be7 6. 0-0 0-0 7. d5 exd5 8. Nh4 Ne4 9. cxd5 Bxh4 10. Bxe4 Bg5 11. Nc3 c5 12. Qd3 h6 13. f4 Bf6 14. Bf3 d6 15. e4 Ba6 16. Nb5 Bxb5 17. Qxb5 a6 18. Qe2 Re8 19. Be3 b5 20. Rad1 Nd7 21. b3 Rc8 22. Qc2 Qa5 23. Bf2 c4 24. Bg4 cxb3 25. Qxb3 Nc5 26. Qf3 Rc7 27. e5 dxe5 28. fxe5 Rxe5 29. d6 Ra7 30. d7 Qd8 31. Bxc5 Rxc5 32. Rfe1 Re5 33. Rxe5 Bxe5 34. Qc6 Ra8 35. Qc8 Bf6 36. Re1 Kh7 37. Re8 Qb6+ 38. Kg2 Ra7 39. Rh8+ Kg6 40. Qc2+ Kg5 41. Qf5# 1-0

[Event "Titled Tuesday intern op 29th Nov Late"]
[Site "Chess.com INT"]
[Date "2022.11.29"]
[Round "1"]
[White "Fedoseev, Vladimir1111"]
[Black "Aguilar, Juan"]
[Result "1-0"]
[WhiteElo "2688"]
[BlackElo "2254"]
[PlyCount "49"]
[EventDate "2022.11.29"]
[EventType "swiss (blitz)"]
[EventRounds "11"]
[EventCountry "USA"]
[SourceTitle "EXT 2024"]
[Source "ChessBase"]
[SourceDate "2023.10.10"]
[SourceVersion "1"]
[SourceVersionDate "2023.10.10"]
[SourceQuality "1"]

1. e4 c5 2. Nf3 d6 3. d4 cxd4 4. Qxd4 Nc6 5. Qe3 g6 6. Bc4 Bg7 7. 0-0 Nf6 8. h3 0-0 9. Rd1 Nd7 10. Nc3 Nde5 11. Nxe5 Nxe5 12. Bb3 Bd7 13. Nd5 Rc8 14. Qxa7 Bc6 15. c3 Kh8 16. Bg5 f6 17. Be3 f5 18. exf5 Rxf5 19. Qb6 Qf8 20. Qb4 Bh6 21. Bxh6 Qxh6 22. Nxe7 Bxg2 23. Nxf5 Qxh3 24. f4 Ng4 25. Qd4+ 1-0

[Event "Titled Tuesday intern op 29th Nov Late"]
[Site "Chess.com INT"]
[Date "2022.11.29"]
[Round "9"]
[White "Rorrer, Grayson"]
[Black "Aguilar, Juan"]
[Result "1-0"]
[WhiteElo "2230"]
[BlackElo "2254"]
[PlyCount "71"]
[EventDate "2022.11.29"]
[EventType "swiss (blitz)"]
[EventRounds "11"]
[EventCountry "USA"]
[SourceTitle "EXT 2024"]
[Source "ChessBase"]
[SourceDate "2023.10.10"]
[SourceVersion "1"]
[SourceVersionDate "2023.10.10"]
[SourceQuality "1"]

1. e4 c5 2. Nf3 d6 3. d4 cxd4 4. Nxd4 Nf6 5. Nc3 a6 6. Nb3 e5 7. Bg5 Be7 8. Qd3 Be6 9. Bxf6 Bxf6 10. Nd5 Nc6 11. 0-0-0 0-0 12. Kb1 a5 13. g3 a4 14. Nc1 a3 15. b3 Rc8 16. c3 Bxd5 17. Qxd5 Qb6 18. Qd2 Rfd8 19. f4 exf4 20. gxf4 Na5 21. c4 Nxc4 22. Bxc4 Rxc4 23. Qe2 Rd4 24. Nd3 Re8 25. e5 dxe5 26. fxe5 Qc7 27. Rhe1 Bg5 28. Qf2 Qc3 29. Rf1 Re7 30. Qe2 Red7 31. e6 Re7 32. exf7+ Kf8 33. Qf2 Rxd3 34. Rc1 Qb2+ 35. Qxb2 axb2 36. Rc8+ 1-0

[Event "Titled Tuesday intern op 29th Nov Late"]
[Site "Chess.com INT"]
[Date "2022.11.29"]
[Round "4"]
[White "Steinberg, Nitzan"]
[Black "Aguilar, Juan"]
[Result "1-0"]
[WhiteElo "2537"]
[BlackElo "2254"]
[PlyCount "129"]
[EventDate "2022.11.29"]
[EventType "swiss (blitz)"]
[EventRounds "11"]
[EventCountry "USA"]
[SourceTitle "EXT 2024"]
[Source "ChessBase"]
[SourceDate "2023.10.10"]
[SourceVersion "1"]
[SourceVersionDate "2023.10.10"]
[SourceQuality "1"]

1. Nf3 g6 2. e4 Bg7 3. d4 d6 4. Nc3 Nf6 5. Be3 c6 6. h3 b5 7. Bd3 a5 8. a4 b4 9. Nb1 0-0 10. 0-0 Bb7 11. c3 Nbd7 12. Nbd2 c5 13. Re1 Qc7 14. Bf4 e5 15. Bh2 Nh5 16. Nc4 Nf4 17. Bxf4 exf4 18. Qd2 d5 19. exd5 Bxd5 20. Nce5 Nxe5 21. Nxe5 Bh6 22. dxc5 Qxc5 23. Nd7 Qd6 24. Nxf8 Bxg2 25. Rad1 Rxf8 26. Be4 Qxd2 27. Rxd2 f3 28. Rd3 bxc3 29. bxc3 Re8 30. c4 Kf8 31. Rdd1 Bf4 32. c5 Re5 33. Rd3 Rg5 34. c6 Bxh3+ 35. Kh1 Bg2+ 36. Kg1 Rh5 37. Bxf3 Rh1+ 38. Kxg2 Rxe1 39. Rd4 Be5 40. Rd5 Bc7 41. Rb5 Ke7 42. Rd5 Ke6 43. Rd7 Bd6 44. Ra7 Ra1 45. Rxa5 Bc7 46. Ra8 h5 47. Be2 h4 48. Bb5 g5 49. Re8+ Kf6 50. Rc8 Be5 51. Rg8 Ra2 52. Rf8 Rc2 53. a5 Bd4 54. a6 Rxf2+ 55. Kh3 Rf3+ 56. Kg4 Rg3+ 57. Kh5 h3 58. c7 h2 59. Bc6 Rh3+ 60. Kg4 Rh4+ 61. Kg3 Be5+ 62. Kf2 Bxc7 63. a7 Rf4+ 64. Ke2 Ra4 65. a8Q 1-0

[Event "Titled Tuesday intern op 22nd Nov Late"]
[Site "Chess.com INT"]
[Date "2022.11.22"]
[Round "6"]
[White "Fernandez Siles, Luis"]
[Black "Aguilar, Juan"]
[Result "0-1"]
[WhiteElo "2220"]
[BlackElo "2254"]
[PlyCount "46"]
[EventDate "2022.11.22"]
[EventType "swiss (blitz)"]
[EventRounds "11"]
[EventCountry "USA"]
[SourceTitle "CBM 211 Extra"]
[Source "ChessBase"]
[SourceDate "2023.01.31"]
[SourceVersion "1"]
[SourceVersionDate "2023.01.31"]
[SourceQuality "1"]

1. d4 Nf6 2. c4 g6 3. Nc3 d5 4. cxd5 Nxd5 5. Bd2 Bg7 6. e4 Nxc3 7. Bxc3 0-0 8. Qd2 Nc6 9. d5 Ne5 10. f4 Nd7 11. Bxg7 Kxg7 12. 0-0-0 c6 13. dxc6 bxc6 14. h4 Rb8 15. h5 Qb6 16. hxg6 fxg6 17. Qc3+ e5 18. fxe5 Nc5 19. e6+ Rf6 20. Bc4 Nxe4 21. Qe5 Qe3+ 22. Kb1 Nd2+ 23. Ka1 Qxe5 0-1

[Event "Titled Tuesday intern op 15th Nov Late"]
[Site "Chess.com INT"]
[Date "2022.11.15"]
[Round "7"]
[White "Aguilar, Juan"]
[Black "Domingo Nunez, Alejandro"]
[Result "1-0"]
[WhiteElo "2254"]
[BlackElo "2342"]
[PlyCount "85"]
[EventDate "2022.11.15"]
[EventType "swiss (blitz)"]
[EventRounds "11"]
[EventCountry "USA"]
[SourceTitle "CBM 211 Extra"]
[Source "ChessBase"]
[SourceDate "2023.01.31"]
[SourceVersion "1"]
[SourceVersionDate "2023.01.31"]
[SourceQuality "1"]

1. d4 Nf6 2. c4 g6 3. Nc3 Bg7 4. e4 d6 5. Nf3 0-0 6. Be2 e5 7. d5 a5 8. Be3 Nh5 9. g3 Na6 10. Nd2 Nf6 11. h4 h5 12. Qc2 c6 13. Bg5 Qb6 14. Be3 Qc7 15. f3 Bd7 16. Kf2 cxd5 17. cxd5 b5 18. Rhc1 Qb7 19. a4 Nb4 20. Qb1 bxa4 21. Nxa4 Bb5 22. Nc4 Qa6 23. b3 Nd7 24. Re1 f5 25. Nc3 f4 26. Bd2 Bh6 27. Nxb5 Qxb5 28. gxf4 Bxf4 29. Rg1 Kh7 30. Bxf4 Rxf4 31. Ne3 Qb6 32. Qc1 Nf6 33. Ke1 Qd4 34. Rf1 Ra7 35. Rb1 Rf7 36. Qd2 Qc5 37. Rc1 Qa7 38. Rc4 Ne8 39. Ng2 R4f6 40. Qg5 Ng7 41. f4 exf4 42. Rxf4 Qe3 43. Nxe3 1-0

[Event "Titled Tuesday intern op 15th Nov Late"]
[Site "Chess.com INT"]
[Date "2022.11.15"]
[Round "10"]
[White "Aguilar, Juan"]
[Black "Rorrer, Grayson"]
[Result "0-1"]
[WhiteElo "2254"]
[BlackElo "2230"]
[PlyCount "108"]
[EventDate "2022.11.15"]
[EventType "swiss (blitz)"]
[EventRounds "11"]
[EventCountry "USA"]
[SourceTitle "CBM 211 Extra"]
[Source "ChessBase"]
[SourceDate "2023.01.31"]
[SourceVersion "1"]
[SourceVersionDate "2023.01.31"]
[SourceQuality "1"]

1. d4 Nf6 2. c4 e6 3. Nf3 Bb4+ 4. Nbd2 b6 5. a3 Bxd2+ 6. Bxd2 Bb7 7. Bg5 h6 8. Bh4 d6 9. e3 Nbd7 10. Be2 g5 11. Bg3 h5 12. h3 Rg8 13. Qc2 Ne4 14. Bh2 g4 15. hxg4 hxg4 16. Nd2 Nxd2 17. Kxd2 Nf6 18. f3 Qe7 19. Rae1 0-0-0 20. Kc1 Kb8 21. Bd1 Rg6 22. e4 e5 23. Bg1 gxf3 24. gxf3 Nd7 25. f4 exf4 26. Rh5 Nf6 27. Rh4 Bxe4 28. Qf2 Qe6 29. d5 Qe5 30. Rxf4 Rg2 31. Qxg2 Qxf4+ 32. Qd2 Qf5 33. Bd4 Ng4 34. Qe2 Qg5+ 35. Qd2 Qg6 36. Rg1 f5 37. a4 Qe8 38. a5 Ne5 39. b3 Nd3+ 40. Kb1 Nc5+ 41. Kb2 Qe7 42. axb6 axb6 43. Bh5 Qh4 44. Be2 Qe7 45. Bxc5 dxc5 46. Ra1 Qe5+ 47. Qc3 Qxc3+ 48. Kxc3 f4 49. Rf1 Rf8 50. Bf3 Bf5 51. Re1 Kc8 52. Re7 Kd8 53. Rg7 Bd7 54. b4 Re8 0-1